000 00700nam a2200193 a 4500
001 000006803
005 20200120221841.0
008 990306s1989 ck a gr 0 j spa d
020 _a958-06-0030-9
090 _aAC
_bGARf
100 0 _aGarcia Márquez, Gabriel
245 1 4 _aLos funerales de la mamá grande /
_cGabriel Garcia Márquez.
260 _aBogotá :
_bOveja negra,
_c1989.
300 _a111 p.
500 _aej. 1 del Biblioparque de Funza : edición 1987
500 _aej. 1 del Biblioparque de Funza: colección proveniente de la Antigua Biblioteca Municipal de Funza, Centro Cultural Bacatá, Funza (Cundinamarca).
650 1 4 _aLiteratura colombiana
650 2 4 _aCuentos colombianos
999 _c532
_d532